<?xml version="1.0" encoding="UTF-8"?>
<collection xmlns="http://www.loc.gov/MARC21/slim">
 <record>
  <leader>01862nam a2200277   4500</leader>
  <controlfield tag="001">1/47877</controlfield>
  <controlfield tag="008">180917s2004    gr       b    00010 gre  </controlfield>
  <datafield tag="020" ind1=" " ind2=" ">
   <subfield code="a">9789605382414 (τ.2α)</subfield>
  </datafield>
  <datafield tag="020" ind1=" " ind2=" ">
   <subfield code="a">9789605385477 (τ.2β)</subfield>
  </datafield>
  <datafield tag="035" ind1=" " ind2=" ">
   <subfield code="l">50869</subfield>
  </datafield>
  <datafield tag="040" ind1=" " ind2=" ">
   <subfield code="a">GR-PeUP</subfield>
  </datafield>
  <datafield tag="082" ind1="0" ind2="0">
   <subfield code="a">523.01 ΕΛΛ</subfield>
  </datafield>
  <datafield tag="110" ind1="1" ind2=" ">
   <subfield code="a">Ελληνικό Ανοικτό Πανεπιστήμιο. Σχολή Θετικών Επιστημών και Τεχνολογίας.</subfield>
  </datafield>
  <datafield tag="245" ind1="1" ind2="0">
   <subfield code="a">Δομή της ύλης και του σύμπαντος /</subfield>
   <subfield code="c">Ελληνικό Ανοικτό Πανεπιστήμιο. Σχολή Θετικών Επιστημών και Τεχνολογίας.</subfield>
  </datafield>
  <datafield tag="260" ind1=" " ind2=" ">
   <subfield code="a">Πάτρα :</subfield>
   <subfield code="b">ΕΑΠ,</subfield>
   <subfield code="c">2004.</subfield>
  </datafield>
  <datafield tag="300" ind1=" " ind2=" ">
   <subfield code="a">τ. :</subfield>
   <subfield code="b">εικ., πίν., διαγρ. ;</subfield>
   <subfield code="c">30 εκ.</subfield>
  </datafield>
  <datafield tag="500" ind1=" " ind2=" ">
   <subfield code="a">Από τη ράχη: ΠΣΦ 61/2-1, 61/2-2.</subfield>
  </datafield>
  <datafield tag="500" ind1=" " ind2=" ">
   <subfield code="a">Από τη σελίδα τίτλου: Πρόγραμμα σπουδών: Προχωρημένες σπουδές στη Φυσική.</subfield>
  </datafield>
  <datafield tag="504" ind1=" " ind2=" ">
   <subfield code="a">Περιέχει βιβλιογραφίες.</subfield>
  </datafield>
  <datafield tag="505" ind1="0" ind2=" ">
   <subfield code="a">Τ.2, Μ.1. Αστροφυσική / Χρήστος Γούδης, Παναγιώτα - Ελευθερία Χριστοπούλου. -- Τ.2, Μ.2. Αστροφυσική / Χρήστος Γούδης, Παναγιώτα - Ελευθερία Χριστοπούλου.</subfield>
  </datafield>
  <datafield tag="650" ind1=" " ind2="4">
   <subfield code="a">Αστροφυσική</subfield>
   <subfield code="x">Σπουδή και διδασκαλία (Ανώτατη).</subfield>
  </datafield>
  <datafield tag="650" ind1=" " ind2="4">
   <subfield code="a">Astrophysics.</subfield>
  </datafield>
  <datafield tag="700" ind1="1" ind2=" ">
   <subfield code="a">Γούδης, Χρήστος.</subfield>
  </datafield>
  <datafield tag="700" ind1="1" ind2=" ">
   <subfield code="a">Χριστοπούλου, Παναγιώτα - Ελευθερία.</subfield>
  </datafield>
  <datafield tag="852" ind1=" " ind2=" ">
   <subfield code="a">INST</subfield>
   <subfield code="b">UNIPILB</subfield>
   <subfield code="c">MAIN</subfield>
   <subfield code="e">20180917</subfield>
   <subfield code="h">523.01 ΕΛΛ</subfield>
   <subfield code="p">00178102</subfield>
   <subfield code="q">00178102</subfield>
   <subfield code="t">LOAN</subfield>
   <subfield code="v">τ.2α:</subfield>
   <subfield code="y">0</subfield>
   <subfield code="z">τ.2α</subfield>
   <subfield code="4">1</subfield>
  </datafield>
  <datafield tag="852" ind1=" " ind2=" ">
   <subfield code="a">INST</subfield>
   <subfield code="b">UNIPILB</subfield>
   <subfield code="c">MAIN</subfield>
   <subfield code="e">20180917</subfield>
   <subfield code="h">523.01 ΕΛΛ</subfield>
   <subfield code="p">00178103</subfield>
   <subfield code="q">00178103</subfield>
   <subfield code="t">LOAN</subfield>
   <subfield code="v">τ.2β:</subfield>
   <subfield code="y">0</subfield>
   <subfield code="z">τ.2β</subfield>
   <subfield code="4">1</subfield>
  </datafield>
 </record>
</collection>
